| 000 | 00951nam a22003011i 4500 | ||
|---|---|---|---|
| 001 | bslw10112891 | ||
| 005 | 20240305165708.0 | ||
| 006 | m o d | ||
| 007 | cr un ---uuuua | ||
| 008 | 231228s2022 bl a ob 000 0 por d | ||
| 035 | _a42526 | ||
| 040 |
_aUtOrBLW _beng _erda _cUtOrBLW |
||
| 043 | _as-bl--- | ||
| 050 | 4 |
_aKHD193 _b.R63 2022 |
|
| 082 | 0 | 4 |
_a345 _223 |
| 100 | 1 |
_aRodrigues, Cristiano, _eauthor. |
|
| 245 | 1 | 0 |
_aManual de direito penal / _cCristiano Rodrigues. |
| 250 | _aTerceira edição. | ||
| 264 | 1 |
_aIndaiatuba : _bEditoria Foco, _c2022. |
|
| 300 |
_a1 online resource (liv, 850 pages) : _billustrations |
||
| 336 |
_atext _btxt _2rdacontent |
||
| 337 |
_acomputer _bc _2rdamedia |
||
| 338 |
_aonline resource _bcr _2rdacarrier |
||
| 504 | _aIncludes bibliographical references (pages 845-846). | ||
| 650 | 0 |
_aLaw _xLaw and legislation _zBrazil. |
|
| 856 | 4 | 0 | _uhttps://app.vlex.com/#/sources/42526 |
| 942 | _cRAA | ||
| 999 |
_c173828 _d173828 |
||